000 00667nam a2200241Ia 4500
003 OSt
005 20220918184612.0
006 a|||||r|||| 00| 0
007 ta
008 220917b |||||||| |||| 00| 0 eng d
024 _a47,273
037 _cTextual
040 _aARTS
_cARTS
_beng
041 _2eng
_aeng
082 _aO111:g(R5), K3
100 _aLevich Marvin ed
_966153
245 0 _aAesthetics and the philosophy of criticism
260 _aNew York
_bRandom House USA
_c1953
300 _a649p.
_ccm.
650 _aPHILOSOPHY; ENGLISH LITERATURE
942 _hO111:g(R5), K3
_cTEXL
_2CC
999 _c177137
_d177137